000 00753nas a2200229 4500
001 BR7908783
003 BR-BrBNA
005 20231205084047.0
007 ta
008 230509b bl.|||p| |||| 00| 00por d
040 _aBR-BrBNA
_bpor
_cBiblioteca Nacional de Agricultura
041 _a(Pt)
072 _aS10
100 1 _aFerreira, C.L. de L.F.
245 1 _aDeterminacao de acido orotico em iogurte preparado com tipos diferentes de culturas starter
650 _aIOGURTE
650 _aACIDO OROTICO
650 _aANALISE DE ALIMENTO
773 0 _tRevista do Instituto de Laticinios Candido Tostes (Brazil)
_xISSN 0100-3674
_g(Nov-Dec 1979), v. 34(206) p. 31-34
_wBR7908783
909 _a202311
_bLúcia
_c55
_dLúcia Elande
942 _2AGRIS
_n0
_cANA
999 _c102883
_d102883